HR forum odborný dvouměsíčník pro všechny, kteří chtějí dobře vést druhé i sami sebe

Na minha lista:
Detalhes bibliográficos
Formato: Periódico
Idioma:tcheco
Publicado em: Praha People Management Forum 2023
Tags: Adicionar Tag
Sem tags, seja o primeiro a adicionar uma tag!

MARC

LEADER 00000nas2a2200000 4500
001 0292079
005 20230424114336.5
022 |a 1212-690X 
041 0 |a cze 
044 |a CZ 
245 1 0 |a HR forum  |b odborný dvouměsíčník pro všechny, kteří chtějí dobře vést druhé i sami sebe 
264 1 |a Praha  |b People Management Forum  |c 2023 
773 0 |w eu_un_cat*0064687